Habermas y la sociedad contemporánea /

Na minha lista:
Detalhes bibliográficos
Autor principal: Sitton, John F. (autor)
Formato: Livro
Idioma:espanhol
Publicado em: México : Fondo de Cultura Económica, 2006, c2006
Colecção:(Breviarios ; 553)
Assuntos:
Tags: Adicionar Tag
Sem tags, seja o primeiro a adicionar uma tag!

MARC

LEADER 00000nam^a2200000^a^4500
001 000192451
005 20250521000000.0
009 20260310102607.482
020 |a 968-16-7876-1 
037 |a Acervo ITESO - Biblioteca 
041 |a ESP 
082 |a 082.  |b BRE V. 553 
100 |a Sitton, John F.  |e (autor) 
245 1 0 |a Habermas y la sociedad contemporánea /  |c J. Sitton ; tr. por Juan Carlos Rodríguez Aguilar. 
264 4 |a México :  |b Fondo de Cultura Económica,  |c 2006, c2006 
300 |a 333 p. 
336 |a texto  |b txt  |2 rdacontenido 
337 |a sin mediación  |b n  |2 rdamedio 
338 |a volumen  |b nc  |2 rdasoporte 
440 1 |a (Breviarios ;  |v 553) 
500 |a Traducción de: Habermas and Contemporary Society 
649 |a XX 
650 |a Filósofos Alemanes 
650 |a Sociólogos Alemanes 
650 |a Interacción Comunicativa 
650 |a Conflicto Social 
650 |a Sociedad -  |x Teoría 
650 |a Estética 
650 |a Género 
650 |a Política -  |x Teoría 
650 |a Sociología 
650 |a Teoría Crítica 
650 |a Modernidad y Posmodernidad 
650 |a Escuela de Frankfurt -  |x Historia y Crítica 
650 |a Filosofía del Siglo XX -  |x Historia y Crítica 
650 |a Habermas, Jürgen -  |x Tema Principal 
650 |a Weber, Max 
910 |a Fondo General 
920 |a Impresos - Libros 
930 |a Colección General 
905 |a 101 
901 |a 0500136526  |b IT1  |c ACC  |u 20250521 
902 |a https://opac.biblio.iteso.mx/vufind/Record/000192451